| 000 -CABECERA |
| fixed length control field |
01472nam a22002417a 4500 |
| 003 - IDENTIFICADOR DEL NÚMERO DE CONTROL |
| control field |
AR-CdUCM |
| 008 - DATOS DE LONGITUD FIJA--INFORMACIÓN GENERAL |
| fixed length control field |
190304b ||||| |||| 00| 0 spa d |
| 040 ## - FUENTE DE LA CATALOGACIÓN |
| Agencia/entidad que catalogó originalmente la obra |
MUNICIPALIDAD PROVINCIAL DEL CUSCO |
| Entidad que transcribió la catalogación |
BIBLIOTECA MUNICIPAL DEL CUSCO |
| 082 ## - NÚMERO DE LA CLASIFICACIÓN DECIMAL DEWEY |
| No. de Clasificación |
985.053 / |
| Notacion interna |
C34R |
| 100 ## - ENTRADA PRINCIPAL--NOMBRE DE PERSONA |
| Nombre Personal |
Regal, Alberto |
| 245 ## - MENCIÓN DE TÍTULO |
| Título |
Castilla educador / |
| 260 ## - PUBLICACIÓN, DISTRIBUCIÓN, ETC. |
| Lugar de publicación, distribución, etc. |
Lima : |
| Nombre de la editorial, distribuidor, etc. |
Instituto Libertador Ramón Castilla, |
| Fecha de publicación, distribución, etc. |
1969. |
| 300 ## - DESCRIPCIÓN FÍSICA |
| Nº de Páginas Extensión |
xiv,212 páginas ; |
| Dimensiones |
25 cm, |
| 505 ## - NOTA DE CONTENIDO CON FORMATO |
| Nota de contenido formateada |
Contenido: La enseñanza pública con anterioridad al primer gobierno de Castilla (1821-1844) -- Años iniciales del primer gobierno de Castilla (1845-47) -- Antecedentes del primer reglamento de instrucción pública, de junio de 1850, emitido por Castilla (1845-50) -- Escuelas y colegios nacionales en el primer gobierno de Castilla (1845-50) -- Los seminarios durante el primer gobierno de Castilla (1845-50) -- Las universidades en el primer gobierno de Castilla (1845-50) -- Texto del reglamento general de instrucción pública de 1850, del primer gobierno de Castilla -- Vigencia del primer reglamento de instrucción de Castilla ... |
| 650 ## - PUNTO DE ACCESO ADICIONAL DE MATERIA--TÉRMINO DE MATERIA |
| Descriptor |
Ramón Castilla |
| 9 (RLIN) |
8385 |
| 650 ## - PUNTO DE ACCESO ADICIONAL DE MATERIA--TÉRMINO DE MATERIA |
| Descriptor |
Historia de la educación |
| 9 (RLIN) |
8386 |
| 650 ## - PUNTO DE ACCESO ADICIONAL DE MATERIA--TÉRMINO DE MATERIA |
| Descriptor |
Siglo XX |
| 9 (RLIN) |
8 |
| 700 ## - PUNTO DE ACCESO ADICIONAL--NOMBRE DE PERSONA |
| Nombre Personal |
Mac-Lean y Estenós, Roberto (Prólogo) |
| 9 (RLIN) |
8387 |
| 710 ## - PUNTO DE ACCESO ADICIONAL--NOMBRE DE ENTIDAD CORPORATIVA |
| Nombre corporativo (En letras Mayúsculas) |
Instituto Libertador Ramón Castilla (Lima) |
| 9 (RLIN) |
8388 |
| 942 ## - ELEMENTOS DE PUNTO DE ACCESO ADICIONAL (KOHA) |
| Fuente de clasificación |
|
| Tipo de item |
Libros-BMC |
| 945 ## - PROCESAMIENTO DE INFORMACIÓN LOCAL (OCLC) |
| Catalogador |
raen |